[Event "Titled Tue 20th May Early"]
[Site "chess.com INT"]
[Date "2025.05.20"]
[Round "1"]
[White "Dominguez Exposito, Ibon"]
[Black "Santos, Rafael Ventura Dos"]
[Result "1-0"]
[WhiteTitle "CM"]
[BlackTitle "FM"]
[WhiteElo "2201"]
[BlackElo "2113"]
[WhiteFideId "54589452"]
[BlackFideId "2122227"]
[EventDate "2025.05.20"]

1. e4 c5 2. d4 cxd4 3. Qxd4 Nc6 4. Qd3 g6 5. Nc3 Bg7 6. Nf3 d6 7. Be2 Nf6 8. O-O
O-O 9. Nd5 Bg4 10. c3 Bxf3 11. Qxf3 Rc8 12. Bg5 h6 13. Nxf6+ exf6 14. Bh4 Ne5
15. Qe3 Qd7 16. Bg3 f5 17. Rfd1 fxe4 18. Qxe4 Qc7 19. Bf1 Rfe8 20. Qd5 Rcd8 21.
Rd2 a6 22. Rad1 Bf8 23. a4 Qc6 24. Qxc6 bxc6 25. Bxa6 Ra8 26. Bb7 Rxa4 27. Bxe5
Rxe5 28. Bxc6 Ra2 29. Bd5 Ra5 30. b4 Ra3 31. c4 Rb3 32. b5 h5 33. Kf1 Bh6 34.
Re2 Rxe2 35. Kxe2 Rb2+ 36. Kf1 Bf4 37. g3 Be5 38. Rd3 Kg7 39. h4 f5 40. Kg2 f4
41. Kf3 fxg3 42. fxg3 Rb1 43. Ra3 Rg1 44. Kf2 Rc1 45. Rb3 Rc2+ 46. Kf1 Bd4 47.
b6 Rf2+ 48. Ke1 Rf8 49. b7 Rb8 50. Ke2 Kf6 51. Kd3 Bc5 52. Rb1 Ke7 53. Rf1 Ke8
54. Rf6 Kd7 55. Rxg6 Kc7 56. Rg7+ Kb6 57. Rh7 Ka7 58. Rxh5 Rf8 59. Rg5 Rf2 60.
h5 Rf1 61. h6 Rd1+ 62. Ke4 Rd4+ 63. Kf5 Rd3 64. Kg6 Re3 65. h7 Bd4 66. Rf5 Rxg3+
67. Kh6 Rh3+ 68. Rh5 Rg3 69. Rg5 Be3 70. h8=Q Bxg5+ 71. Kg7 Bf4+ 72. Kf7 Kb6 73.
b8=Q+ Kc5 74. Qhc8+ Kd4 75. Qbc7 Kd3 76. Ke7 Rf3 77. Kd7 Be3 78. Kc6 Bc5 79. Qe7
Re3 80. Qe4+ Rxe4 81. Bxe4+ Kxe4 82. Qe6+ Kd4 83. Qd5+ Kc3 84. Kb5 Kc2 85. Qxc5
Kc3 86. Qxd6 Kb2 87. c5 Kc3 88. c6 1-0

[Event "Titled Tue 20th May Early"]
[Site "chess.com INT"]
[Date "2025.05.20"]
[Round "1"]
[White "Hamedi Nia, Vesal"]
[Black "Reshetnikov, Alexey"]
[Result "0-1"]
[WhiteTitle "WIM"]
[BlackTitle "IM"]
[WhiteElo "2010"]
[BlackElo "2492"]
[WhiteFideId "12542253"]
[BlackFideId "4162080"]
[EventDate "2025.05.20"]

1. d4 e6 2. c4 d5 3. Nc3 Nf6 4. Bg5 Be7 5. e3 O-O 6. Nf3 Nbd7 7. cxd5 exd5 8.
Bd3 c6 9. Qc2 h6 10. Bh4 Ne8 11. Bg3 Nd6 12. O-O Re8 13. Rab1 Nf6 14. b4 a6 15.
a4 b5 16. Ne5 Bb7 17. Rfc1 Nc4 18. Bxc4 dxc4 19. Rd1 Bd6 20. Qf5 Qc8 21. Nd7 Be7
22. Nxf6+ Bxf6 23. Qc5 Qd7 24. h3 Be7 25. Qh5 Bf8 26. Be5 f6 27. Bf4 Qf7 28. Qg4
Bc8 29. Qf3 Bf5 30. e4 Bh7 31. Rb2 Rad8 32. Qg3 a5 33. axb5 axb4 34. bxc6 bxc3
35. Qxc3 Bxe4 36. c7 Rc8 37. Rb8 Bd5 38. Rdb1 Qg6 39. Bg3 Qe4 40. f3 Qd3 41.
Qxd3 cxd3 42. Rxc8 Rxc8 43. Kf2 Kf7 44. Ke3 Be6 45. Rb8 Bf5 46. Bh2 Ke8 47. g4
Be6 48. Kxd3 Kd7 49. Ke4 Be7 50. d5 Bf7 51. Rxc8 Kxc8 52. d6 Bf8 53. Kd4 Be6 54.
Kc5 Bd7 55. Bg3 f5 56. Be5 g6 57. Bf4 fxg4 58. hxg4 h5 59. gxh5 gxh5 60. Bg5 Bg7
61. f4 Bc3 62. Kd5 Be1 63. Ke5 h4 64. f5 Bg3+ 65. Bf4 Bxf4+ 66. Kxf4 h3 67. f6
Be6 68. Kg3 Kd7 69. Kh2 Kxd6 70. f7 Ke7 71. f8=Q+ Kxf8 72. Kg3 Bc8 73. Kh2 Ke7
74. Kg3 Kf6 75. Kh2 Kg5 76. Kg3 Kh5 77. Kh2 Kg4 78. Kg1 Kg3 79. Kh1 Bb7+ 80. Kg1
h2+ 81. Kf1 h1=Q+ 82. Ke2 Qe4+ 0-1

[Event "Titled Tue 20th May Early"]
[Site "chess.com INT"]
[Date "2025.05.20"]
[Round "1"]
[White "Goltsev, Dmitry"]
[Black "Sarveshwaran V"]
[Result "1/2-1/2"]
[WhiteTitle "FM"]
[BlackTitle "CM"]
[WhiteElo "2183"]
[BlackElo "2290"]
[WhiteFideId "24176710"]
[BlackFideId "25699016"]
[EventDate "2025.05.20"]

1. e4 e6 2. d4 d5 3. exd5 exd5 4. Nf3 Nf6 5. c4 Bd6 6. Nc3 O-O 7. Be2 dxc4 8.
Bxc4 a6 9. O-O b5 10. Bb3 h6 11. Qd3 Bb7 12. Re1 Nbd7 13. a3 c5 14. Bc2 cxd4 15.
Nxd4 Ne5 16. Qf5 Neg4 17. Bf4 g6 18. Qd3 Bxf4 19. h3 Ne5 20. Qd1 Nc4 21. Nce2
Bd2 22. Rf1 Qd5 23. Nf3 Bg5 24. Ned4 Ne5 25. Bb3 Nxf3+ 26. gxf3 Qd7 27. Qd3 Kg7
28. Kg2 Rad8 29. Rad1 Bd5 30. Bc2 Nh5 31. Ne2 Rfe8 32. Kh2 Rxe2 33. Qxe2 Bf4+
34. Kg2 Bc7 35. Rd4 Nf4+ 36. Rxf4 Bxf4 37. Rd1 Qe6 38. Qd3 Rd7 39. Bb3 Bxb3 40.
Qxd7 Bxd1 41. Qxd1 Qe5 42. b3 Qg5+ 43. Kf1 Be5 44. a4 Qf5 45. Kg2 bxa4 46. bxa4
Qf4 47. Qd7 Qh2+ 48. Kf1 Qf4 49. Kg2 Qf5 50. Qc6 Qg5+ 51. Kf1 a5 52. Qc5 Bf6 53.
Qc7 Qe5 54. Qb6 Qf5 55. Qc6 Qxh3+ 56. Ke2 Qf5 57. Kf1 h5 58. Kg2 h4 59. Qc4 h3+
60. Kg3 Be5+ 61. f4 Qxf4+ 62. Qxf4 Bxf4+ 63. Kxh3 g5 64. Kg4 Kg6 65. Kh3 f5 66.
Kg2 g4 67. Kf1 Kg5 68. Kg2 Bd6 69. Kf1 Bb4 70. Kg2 f4 71. Kf1 f3 72. Kg1 Kf4 73.
Kh2 Bc5 74. Kg1 g3 75. Kh1 g2+ 76. Kg1 Ke4 77. Kh2 Kd3 78. Kg1 Ke2 79. Kh2 Bxf2
80. Kh3 g1=Q 1/2-1/2

[Event "Titled Tue 20th May Early"]
[Site "chess.com INT"]
[Date "2025.05.20"]
[Round "1"]
[White "Porozhnyak, Maya"]
[Black "Begmuratov, Alisher"]
[Result "0-1"]
[WhiteTitle "WCM"]
[BlackTitle "FM"]
[WhiteElo "1974"]
[BlackElo "2395"]
[WhiteFideId "34115843"]
[BlackFideId "14203367"]
[EventDate "2025.05.20"]

1. e4 c5 2. Nf3 d6 3. d4 cxd4 4. c3 d3 5. Bxd3 Nf6 6. O-O g6 7. h3 Bg7 8. Re1
O-O 9. Qe2 Nc6 10. Bc2 a5 11. Na3 Nd7 12. Nb5 Nc5 13. Be3 a4 14. Rad1 Qa5 15.
Bxc5 dxc5 16. a3 Be6 17. Ng5 Bc8 18. f4 b6 19. Nc7 Ra7 20. Nb5 Ba6 21. Bd3 Rd7
22. Bc4 Rxd1 23. Rxd1 h6 24. Nf3 e6 25. e5 Rd8 26. Rxd8+ Nxd8 27. Qd3 Nc6 28.
Nd2 g5 29. g3 Ne7 30. Qd8+ Bf8 31. Qe8 Bxb5 32. Bxb5 Qa7 33. Ne4 Ng6 34. Nf6+
Kg7 35. Nh5+ Kg8 36. Bd7 Qb7 37. Nf6+ Kg7 38. Bc6 Qe7 39. Qxe7 Bxe7 40. Ne8+ Kf8
41. Bxa4 gxf4 42. gxf4 Nxf4 43. Kh2 Nd3 44. b4 Nxe5 45. Nc7 f5 46. Kg3 Kf7 47.
Na8 Bd6 48. Kg2 Nc4 49. Bb3 Nxa3 50. Nxb6 cxb4 51. cxb4 Bxb4 52. Nd7 Bd6 53. Nb6
Ke7 54. Na4 Nb5 55. Nb2 Nd4 56. Ba2 e5 57. Nd3 e4 58. Ne1 f4 59. Bb1 e3 60. Nf3
Ne6 61. Kf1 Kf6 62. Ke2 Nc7 63. Ng1 Kg5 64. Nf3+ Kf6 65. Ba2 Nb5 66. Kf1 Nc3 67.
Bc4 Ke7 68. Ng1 Be5 69. Nf3 Bf6 70. h4 Kd6 71. h5 Kc5 72. Bd3 Kb4 73. Ba6 Kb3
74. Bd3 Kb2 75. Ng1 Kc1 76. Ne2+ Kd2 77. Nxc3 Kxd3 78. Nd5 Be5 79. Nb4+ Ke4 80.
Nc2 f3 81. Na3 Bg3 0-1

[Event "Titled Tue 20th May Early"]
[Site "chess.com INT"]
[Date "2025.05.20"]
[Round "1"]
[White "Tursunalieva, Nurelina"]
[Black "Sammed Jaykumar, Shete"]
[Result "0-1"]
[WhiteTitle "WCM"]
[BlackTitle "IM"]
[WhiteElo "1810"]
[BlackElo "2377"]
[WhiteFideId "13817329"]
[BlackFideId "5073421"]
[EventDate "2025.05.20"]

1. e4 e6 2. d4 b6 3. Nf3 Bb7 4. Nc3 Bb4 5. Bd3 c5 6. O-O cxd4 7. Nxd4 a6 8. a3
Bxc3 9. bxc3 Nf6 10. Bg5 d6 11. f4 Qc7 12. Qe1 Nbd7 13. Rd1 Rc8 14. Bxf6 gxf6
15. Ne2 Nc5 16. Ng3 h5 17. Qe2 h4 18. Nh5 Ke7 19. e5 dxe5 20. f5 Rcg8 21. Rf2
Rg5 22. Nxf6 Kxf6 23. fxe6+ Kg7 24. Rxf7+ Qxf7 25. exf7 Rxg2+ 26. Qxg2+ Bxg2 27.
Kxg2 Kxf7 28. Bc4+ Ke7 29. Re1 Kd6 30. Rd1+ Kc7 31. Re1 Rh5 32. Kh3 b5 33. Ba2
e4 34. Kg4 Rh8 35. Bd5 Rd8 36. Bxe4 Re8 37. Kf3 Na4 38. Re3 Nb2 39. Bd3 Rf8+ 40.
Kg4 Rf2 41. Kxh4 Rxh2+ 42. Kg3 Rh6 43. Re7+ Kb6 44. Bf5 Rc6 45. Re3 Na4 46. Be4
Rxc3 47. Rxc3 Nxc3 48. Bd3 Nb1 49. c4 Nxa3 50. cxb5 a5 51. Kf2 Nxb5 52. Ke2 Nd4+
53. Kd2 Kc5 54. Kc3 a4 55. Bc4 a3 56. Ba2 Nb5+ 57. Kc2 Nd4+ 58. Kb1 Kb4 59. Ka1
Nb5 60. Kb1 Nc3+ 61. Ka1 Na4 62. Kb1 Kc3 63. Ka1 Nc5 64. Kb1 Na6 65. Ka1 Nb4 66.
Kb1 Kd2 67. Ka1 Kc1 68. Bb1 a2 69. Bg6 Kd2 70. Bh7 Kc3 71. Bg6 Kb3 72. Bh7 Ka3
73. Bg6 Nc6 74. Bh7 Nd4 75. Be4 Nb3# 0-1

[Event "Titled Tue 20th May Early"]
[Site "chess.com INT"]
[Date "2025.05.20"]
[Round "1"]
[White "Shafer, Logan C"]
[Black "Haug, Havard"]
[Result "1/2-1/2"]
[WhiteTitle "CM"]
[BlackTitle "FM"]
[WhiteElo "2291"]
[BlackElo "2354"]
[WhiteFideId "30993342"]
[BlackFideId "1547887"]
[EventDate "2025.05.20"]

1. d4 Nf6 2. c4 e6 3. g3 d5 4. Bg2 Bb4+ 5. Bd2 Be7 6. Nf3 Nbd7 7. O-O c6 8. Qc2
Ne4 9. Rd1 Nxd2 10. Nbxd2 O-O 11. e4 dxe4 12. Nxe4 Nf6 13. Ne5 Qc7 14. Rac1 Rd8
15. Qe2 Nxe4 16. Qxe4 Bf6 17. f4 Bd7 18. Kh1 Qb6 19. b3 Be8 20. Rc2 Qa5 21. Rcd2
g6 22. h4 h5 23. d5 cxd5 24. cxd5 exd5 25. Rxd5 Rxd5 26. Qxd5 Qc3 27. Rd3 Qe1+
28. Kh2 Bxe5 29. Qxe5 Qxe5 30. fxe5 Rc8 31. Bxb7 Rc2+ 32. Kg1 Kf8 33. a4 Ke7 34.
Bd5 Bd7 35. Bc4 Bxa4 36. Rd6 Rc3 37. Rf6 Bxb3 38. Rxf7+ Ke8 39. Bxb3 Rxg3+ 40.
Kf2 Rxb3 41. Rxa7 Rb4 42. Kg3 Rg4+ 43. Kh3 Kf8 44. e6 Rf4 45. Kg3 Rf6 46. e7+
Kf7 47. Rb7 Re6 48. e8=Q+ Kxe8 49. Kf4 Rc6 50. Kg5 Kf8 51. Ra7 Kg8 52. Rb7 Kf8
53. Ra7 Ke8 54. Rg7 Rc4 55. Rxg6 Kf7 56. Rf6+ Kg7 57. Rf5 Rg4+ 58. Kxh5 Ra4 59.
Rb5 Ra7 60. Kg5 Kh7 61. h5 Rg7+ 62. Kh4 Rc7 63. Rb6 Rc4+ 64. Kg5 Rc7 65. Rf6
Rc5+ 66. Rf5 Rc7 67. h6 Rb7 68. Kh5 Rc7 69. Rg5 Rc1 70. Rg7+ Kh8 71. Ra7 Rh1+
72. Kg6 Rg1+ 73. Kh5 Rg2 74. Rb7 Rd2 75. Kg6 Rd6+ 76. Kg5 Rc6 77. Rb8+ Kh7 78.
Rb7+ Kg8 79. Rg7+ Kh8 80. Rg6 Rc5+ 81. Kh4 Kh7 82. Ra6 Re5 83. Kg4 Rd5 84. Kh4
Re5 85. Kg4 Re7 86. Kg5 Rc7 87. Rb6 Ra7 88. Rc6 Rb7 89. Rd6 Rc7 90. Re6 Rc5+ 91.
Kg4 Rd5 92. Ra6 Re5 93. Rb6 Kg8 94. Rb7 Re1 95. Kg5 Rg1+ 96. Kh5 Kh8 97. Ra7
Rh1+ 98. Kg6 Rg1+ 99. Kh5 1/2-1/2

[Event "Titled Tue 20th May Early"]
[Site "chess.com INT"]
[Date "2025.05.20"]
[Round "1"]
[White "Tan, Jun Ying"]
[Black "Cordeiro, Marco Aurelio Zaror"]
[Result "0-1"]
[WhiteTitle "FM"]
[WhiteElo "2414"]
[BlackElo "2048"]
[WhiteFideId "5710413"]
[BlackFideId "2117991"]
[EventDate "2025.05.20"]

1. e4 Nf6 2. Nc3 e6 3. e5 Nd5 4. d4 Nxc3 5. bxc3 d5 6. Nf3 c5 7. Bd3 Be7 8. O-O
O-O 9. Re1 f6 10. exf6 Bxf6 11. Bf4 Nc6 12. Ne5 c4 13. Bf1 Bxe5 14. Bxe5 Nxe5
15. Rxe5 Qa5 16. Qd2 Bd7 17. Bxc4 Rac8 18. Bd3 Qxc3 19. Qxc3 Rxc3 20. Rb1 b6 21.
Rb3 Rfc8 22. Kf1 Kf7 23. Ke2 Ba4 24. Rxc3 Rxc3 25. Kd2 Ra3 26. Bxh7 g6 27. Rg5
Rxa2 28. Bxg6+ Kf6 29. Rg3 Bb5 30. h4 Ra4 31. c3 Ra2+ 32. Ke3 Re2+ 33. Kf3 Re1
34. h5 Be2+ 35. Kf4 Rh1 36. Rg5 Rh4+ 37. g4 a5 38. Re5 Rxg4+ 39. Ke3 Bc4 40. f3
Rh4 41. Be8 b5 42. Bd7 a4 43. Rxe6+ Kf7 44. h6 a3 45. Ra6 a2 46. Bf5 Rh1 47. h7
Kg7 48. Ra7+ Kf6 49. Kf4 Bb3 50. Ra6+ Kg7 51. Rg6+ Kf7 52. Ra6 Ba4 53. Ra7+ Kf6
54. Ra6+ Ke7 55. Ra7+ Kd6 56. Ra6+ Kc7 57. Ra8 a1=Q 58. h8=Q Qc1+ 59. Kg4 Rxh8
60. Rxh8 Qxc3 61. Rh7+ Kb6 62. f4 Qxd4 63. Rh6+ Ka5 64. Rh7 Bd1+ 65. Kg5 Be2 66.
Bg6 Bd3 67. f5 Qe3+ 68. Kf6 Qd4+ 69. Ke6 Qe4+ 70. Kd6 Qf4+ 71. Ke6 Qe4+ 72. Kd6
Qf4+ 73. Ke6 b4 74. Ra7+ Kb6 75. Rd7 Be4 76. Rd6+ Kc5 77. Rd8 b3 78. Rc8+ Kb4
79. Rc6 b2 80. Rb6+ Kc3 81. Kf6 b1=Q 82. Rc6+ Kd4 83. Re6 Qbc1 84. Kf7 Qg5 85.
Rf6 Qc7+ 86. Ke6 Qxf6+ 87. Kxf6 Bxf5 88. Kg5 Bxg6 89. Kxg6 Ke4 0-1

[Event "Titled Tue 20th May Early"]
[Site "chess.com INT"]
[Date "2025.05.20"]
[Round "1"]
[White "Starosta, Martyna"]
[Black "Dragnev, Valentin"]
[Result "0-1"]
[WhiteTitle "WFM"]
[BlackTitle "GM"]
[WhiteElo "2182"]
[BlackElo "2540"]
[WhiteFideId "21818754"]
[BlackFideId "1634852"]
[EventDate "2025.05.20"]

1. e4 c6 2. d4 d5 3. f3 e6 4. Nc3 Bb4 5. Bd3 Ne7 6. Ne2 Nd7 7. h4 c5 8. a3 Bxc3+
9. Nxc3 cxd4 10. Nb5 Qb6 11. exd5 Nxd5 12. a4 a6 13. Na3 Ne5 14. O-O O-O 15. Re1
Ne3 16. Bxe3 dxe3 17. Qe2 Qxb2 18. Qxe3 Nxd3 19. Qxd3 Qf6 20. Nc4 Qxh4 21. Nb6
Rb8 22. Qd6 Qd8 23. Qxb8 Qxb6+ 24. Kh1 Bd7 25. Qf4 Bc6 26. Rad1 Qc5 27. Rd2 h6
28. Red1 e5 29. Qg4 Qe7 30. a5 f5 31. Qg6 e4 32. fxe4 fxe4 33. Qg4 e3 34. Re2 h5
35. Qxh5 Rf6 36. Kg1 Bb5 37. Qd5+ Kh7 38. Qh5+ Kg8 39. Qd5+ Kh7 40. c4 Bc6 41.
Qh5+ Kg8 42. Rde1 Re6 43. Qh3 Rg6 44. Qxe3 Qxe3+ 45. Rxe3 Rxg2+ 46. Kf1 Rc2 47.
Re7 Rxc4 48. R1e5 Rf4+ 49. Ke1 Kf8 50. Rc7 Kg8 51. Rg5 Rf7 52. Rxf7 Kxf7 53. Kd2
Kf6 54. Rg1 g5 55. Ke3 Kf5 56. Rf1+ Ke5 57. Rg1 Kf5 58. Rf1+ Kg6 59. Rg1 Kh5 60.
Kf2 Kh4 61. Re1 g4 62. Re7 g3+ 63. Kg1 Kg4 64. Rg7+ Kf4 65. Rf7+ Ke3 66. Rg7 g2
67. Rg5 Kd4 68. Rf5 Kc4 69. Rg5 Bd5 70. Rf5 Kc5 71. Rg5 Kd6 72. Rg6+ Kc7 73. Rg5
Bc6 74. Rh5 Kb8 75. Rg5 Kc7 76. Rh5 Kd6 77. Rg5 Bd5 78. Rh5 Kc5 79. Rg5 Kc4 80.
Rh5 Bc6 81. Rg5 Kb4 82. Rh5 Bb5 83. Kxg2 Kxa5 84. Kf2 Kb4 85. Ke1 a5 86. Kd2 a4
87. Kc2 Bc4 88. Kb2 b5 89. Rh3 Bb3 90. Rh4+ Bc4 91. Rh3 Ka5 92. Rh5 Kb6 93. Rh6+
Kc5 94. Rh5+ Bd5 95. Rg5 b4 96. Rh5 a3+ 97. Kb1 b3 98. Rh3 Kb4 99. Rh4+ Bc4 100.
Rg4 Kc3 101. Rg3+ Bd3+ 102. Ka1 b2+ 103. Ka2 b1=Q+ 104. Kxa3 Qa1# 0-1

[Event "Titled Tue 20th May Early"]
[Site "chess.com INT"]
[Date "2025.05.20"]
[Round "1"]
[White "Nugumanov, Bakhtiyar"]
[Black "Nurgaliyev, Sauat"]
[Result "1/2-1/2"]
[WhiteTitle "IM"]
[BlackTitle "IM"]
[WhiteElo "2305"]
[BlackElo "2407"]
[WhiteFideId "13701797"]
[BlackFideId "13726285"]
[EventDate "2025.05.20"]

1. e4 c5 2. Nf3 d6 3. d4 cxd4 4. Nxd4 Nf6 5. Nc3 a6 6. h3 e5 7. Nde2 h5 8. g3
Be6 9. Bg2 Be7 10. Be3 Nbd7 11. Nd5 Nxd5 12. exd5 Bf5 13. Nc3 h4 14. g4 Bg6 15.
Ne4 Rc8 16. c3 O-O 17. Qe2 Qa5 18. O-O f5 19. gxf5 Bxf5 20. Kh1 Nf6 21. Nxf6+
Bxf6 22. Rg1 Qc7 23. Qh5 Qd7 24. Kh2 e4 25. Kh1 Be5 26. Qxh4 Rf6 27. Bf1 Rcf8
28. Re1 Qf7 29. Qg5 Rg6 30. Qh4 Rxg1+ 31. Kxg1 Qg6+ 32. Qg5 Qh7 33. Be2 Rf6 34.
Bg4 Bxg4 35. hxg4 Qh3 36. Qh5 Bh2+ 37. Kh1 Qxh5 38. gxh5 Be5 39. Rg1 Kf7 40. Rg4
Rf5 41. Rxe4 Rxh5+ 42. Kg2 Bf6 43. Rc4 b5 44. Rc7+ Kg6 45. Rc6 Rxd5 46. Rxa6 Rd1
47. Rb6 Rb1 48. Rxb5 Bxc3 49. b3 Kf7 50. a4 Ke6 51. a5 d5 52. a6 d4 53. Bf4 Ra1
54. Rb6+ Kd5 55. Bb8 Kc5 56. Rd6 Kb5 57. a7 Kc5 58. Rd8 Kc6 59. Be5 Rxa7 60.
Bxd4 Bxd4 61. Rxd4 Rb7 62. Rd3 Kc5 63. Rg3 Kb4 64. Kh3 Rf7 65. Kg2 Kb5 66. Rf3
Rd7 67. Kg3 Kb4 68. Kg4 Rd5 69. Rf5 Rd6 70. Kg5 Kxb3 71. Rf7 Rd2 72. Kg6 Kc4 73.
Kxg7 Rd1 74. f4 Rg1+ 75. Kf6 Kd5 76. f5 Rh1 77. Rd7+ Kc6 78. Rd2 Rf1 79. Ke6
Re1+ 80. Kf7 Rf1 81. f6 Rf3 82. Ke7 Re3+ 83. Kf8 Rf3 84. f7 Rf1 85. Re2 Kd7 86.
Re4 Rf2 87. Kg7 Rg2+ 88. Kf6 Rf2+ 89. Kg6 Rg2+ 90. Kh7 Rh2+ 91. Kg8 Rg2+ 92. Kf8
Rf2 93. Rd4+ Ke6 94. Re4+ Kd7 1/2-1/2

[Event "Titled Tue 20th May Early"]
[Site "chess.com INT"]
[Date "2025.05.20"]
[Round "1"]
[White "Fieberg, Samuel"]
[Black "Harsh, Suresh"]
[Result "1/2-1/2"]
[WhiteTitle "FM"]
[BlackTitle "IM"]
[WhiteElo "2157"]
[BlackElo "2392"]
[WhiteFideId "12901717"]
[BlackFideId "45018464"]
[EventDate "2025.05.20"]

1. Nf3 b6 2. g3 Bb7 3. Bg2 c5 4. c4 Nf6 5. O-O e6 6. Nc3 Be7 7. d4 cxd4 8. Nxd4
Bxg2 9. Kxg2 Qc7 10. Qd3 a6 11. b3 O-O 12. Bb2 d6 13. Ne4 Qb7 14. f3 Nxe4 15.
Qxe4 Qxe4 16. fxe4 Bf6 17. e3 Nd7 18. Rfd1 Nc5 19. Kf3 Rfd8 20. Rab1 Rd7 21. Ne2
Bxb2 22. Rxb2 Kf8 23. Rbd2 Ke7 24. b4 Na4 25. e5 Rad8 26. Nd4 Ke8 27. Nc6 Rc8
28. Rxd6 Rxd6 29. Rxd6 Nb2 30. Na7 Rc7 31. Nc6 Rc8 32. Na7 Ra8 33. Nc6 Nxc4 34.
Rd4 b5 35. Kf4 Rc8 36. Na5 Nxa5 37. bxa5 Rc2 38. Rd6 Rxh2 39. Rxa6 Rxa2 40. g4
h6 41. Ra8+ Ke7 42. Ra7+ Ke8 43. a6 g5+ 44. Ke4 Ra4+ 45. Kd3 Kf8 46. e4 Kg7 47.
Ra8 Kh7 48. a7 Kg7 49. Kc3 h5 50. gxh5 g4 51. Kd3 g3 52. Ke2 Ra3 53. h6+ Kh7 54.
Kf1 Ra2 55. Kg1 b4 56. Rb8 Rxa7 57. Rxb4 Ra2 58. Rb3 g2 59. Rh3 Re2 60. Rh4 Rd2
61. Kh2 Rc2 62. Kg1 Re2 63. Kh2 Rc2 64. Rf4 Kxh6 65. Rxf7 Kg5 66. Rf6 Re2 67.
Rxe6 Rxe4 68. Kxg2 Kf5 69. Re8 Rxe5 70. Rf8+ Ke4 71. Ra8 Rg5+ 72. Kf2 Rd5 73.
Ke2 Ke5 74. Ra4 Rd4 75. Ra5+ Rd5 76. Ra8 Kd6 77. Ke3 Kc6 78. Ra6+ Kb7 79. Rh6
Rc5 80. Kd4 Rc6 81. Rh7+ Kb6 82. Rh1 Rd6+ 83. Ke5 Rc6 84. Rb1+ Kc7 85. Ra1 Rb6
86. Kd5 Kb7 87. Rc1 Rb5+ 88. Kd6 Rb6+ 89. Kd7 Rb2 90. Rc7+ Kb6 91. Rc6+ Kb7 92.
Rc7+ Kb6 93. Rc3 Rd2+ 94. Ke6 Rd1 95. Ke5 Kb5 96. Ke4 Kb4 97. Rc8 Kb5 98. Rb8+
Kc6 99. Rb2 Re1+ 100. Kd3 Rh1 101. Kc4 Rh4+ 102. Kc3 Kc5 103. Rg2 Rh3+ 104. Kd2
Kd4 105. Rg4+ Ke5 106. Rg5+ Kf4 107. Ra5 Rh2+ 108. Kd3 Rh1 109. Ke2 Ke4 110.
Ra4+ Kd5 111. Ra5+ Kc4 112. Ra8 Rh2+ 113. Kf3 Rb2 114. Rc8+ Kd5 115. Rd8+ Ke6
116. Re8+ Kd7 117. Re4 Rb3+ 118. Re3 Rb1 119. Rd3+ Ke6 1/2-1/2

[Event "Titled Tue 20th May Early"]
[Site "chess.com INT"]
[Date "2025.05.20"]
[Round "1"]
[White "Ostanin, Vadim"]
[Black "Terry, Renato"]
[Result "1-0"]
[WhiteTitle "FM"]
[BlackTitle "IM"]
[WhiteElo "2317"]
[BlackElo "2508"]
[WhiteFideId "24125016"]
[BlackFideId "3803457"]
[EventDate "2025.05.20"]

1. e4 e6 2. d4 d5 3. Nc3 Nf6 4. e5 Nfd7 5. f4 c5 6. Nf3 Nc6 7. Be3 Be7 8. Qd2
O-O 9. dxc5 Qa5 10. Nd4 Bxc5 11. Nb3 Bxe3 12. Qxe3 Qb4 13. O-O-O b6 14. Bb5 Na5
15. Nd4 a6 16. Bd3 Qc5 17. Qh3 g6 18. Nce2 Nc4 19. Qg3 Qa5 20. Kb1 Nd2+ 21. Ka1
Nc5 22. h4 Nde4 23. Qe3 Bd7 24. h5 Kg7 25. g4 Rg8 26. f5 g5 27. Nb3 Nxb3+ 28.
cxb3 Qc5 29. Nd4 Kh8 30. Rc1 Qe7 31. Bxe4 dxe4 32. f6 Qd8 33. Qxe4 Rc8 34. Rhd1
h6 35. Ne2 Rxc1+ 36. Rxc1 Qb8 37. Rd1 Bb5 38. Nc3 Be8 39. Qd4 Bc6 40. a4 Bf3 41.
Rd3 Bc6 42. Ka2 b5 43. Qd6 Qb7 44. Qe7 b4 45. Ne2 Rb8 46. Rd6 Bd5 47. Nd4 Kh7
48. Rd7 Qxd7 49. Qxd7 Kg8 50. Qe7 Rf8 51. Qxb4 Be4 52. Qd6 Bd3 53. Nc6 Be2 54.
Ne7+ Kh7 55. Ng6 Rg8 56. Nf8+ Kh8 57. Nd7 Bxg4 58. Qe7 Bxh5 59. Nc5 Bg6 60. Ne4
Bxe4 61. Qxf7 g4 62. Qh5 Kh7 63. f7 Rf8 64. Qxg4 Bf5 65. Qh4 Rxf7 66. b4 Rb7 67.
Ka3 Kg6 68. Qf6+ Kh5 69. b5 axb5 70. a5 b4+ 71. Ka4 Kg4 72. a6 Ra7 73. Ka5 h5
74. Kb6 Ra8 75. Kb7 Be4+ 76. Kb6 Bd5 77. Qg7+ Kf5 78. Qf6+ Kg4 79. a7 h4 80.
Qg6+ Kf4 81. Qh6+ Kg4 82. Qd2 b3 83. Qd4+ Kg3 84. Qe3+ Kg4 85. Qg1+ Kh3 86. Ka5
Rc8 87. Kb6 Ra8 88. Kb5 Rc8 89. Kb4 Ra8 90. Kc3 Bg2 91. Kd3 Kg3 92. Ke3 h3 93.
Qf2+ Kg4 94. Qf4+ Kh5 95. Kf2 Rxa7 96. Kg3 Rg7+ 97. Kh2 Rg5 98. Qe3 Bd5 99. Kxh3
Kg6 100. Kh4 Rh5+ 101. Kg4 Rf5 102. Qd4 Rg5+ 103. Kf4 Rh5 104. Ke3 Rh3+ 105. Kd2
Kg5 106. Qf2 Kg4 107. Qf6 Rf3 108. Qg6+ Kf4 109. Qf6+ Ke4 110. Qg7 Rd3+ 111. Kc1
Re3 112. Qg5 Kd4 113. Qf4+ Re4 114. Qg3 Rxe5 115. Kd2 Kc5 116. Qc3+ Kd6 117. Qg3
Be4 118. Kc3 Kd5 119. Qg7 Rf5 120. Qd7+ Ke5 121. Qd4+ Kf4 122. Kxb3 e5 123. Qf2+
Bf3 124. Qh4+ Bg4 125. Qf2+ Bf3 126. Qh4+ Bg4 127. Qh2+ Kg5 128. Qd2+ Rf4 129.
Kc3 Kf5 130. b4 e4 131. b5 e3 132. Qd3+ Re4 133. Qd7+ Kf4 134. Qd6+ Kf3 135.
Qf6+ Rf4 136. Qc6+ Kf2 137. Qc5 Kf3 138. Qd5+ Kf2 139. Qc5 Be6 140. Qe5 1-0

[Event "Titled Tue 20th May Early"]
[Site "chess.com INT"]
[Date "2025.05.20"]
[Round "2"]
[White "Mammadov, Ziya"]
[Black "Dambaev, Dashi"]
[Result "0-1"]
[WhiteTitle "CM"]
[BlackTitle "CM"]
[WhiteElo "1681"]
[BlackElo "2211"]
[WhiteFideId "13418890"]
[BlackFideId "55628494"]
[EventDate "2025.05.20"]

1. e4 c5 2. Nf3 d6 3. d4 cxd4 4. Nxd4 Nf6 5. Nc3 g6 6. f3 Bg7 7. Bc4 O-O 8. Be3
Nc6 9. Qd2 Bd7 10. g4 Rc8 11. h4 Nxd4 12. Qxd4 Nxg4 13. fxg4 Bxd4 14. Bxf7+ Rxf7
15. Bxd4 Bxg4 16. Kd2 e5 0-1

[Event "Titled Tue 20th May Early"]
[Site "chess.com INT"]
[Date "2025.05.20"]
[Round "2"]
[White "Arslanov, Shamil"]
[Black "Yonal, Timur"]
[Result "1-0"]
[WhiteTitle "IM"]
[BlackTitle "FM"]
[WhiteElo "2410"]
[BlackElo "2249"]
[WhiteFideId "4192826"]
[BlackFideId "44115725"]
[EventDate "2025.05.20"]

1. d4 Nf6 2. f3 d5 3. e4 dxe4 4. Nc3 e5 5. dxe5 Qxd1+ 6. Kxd1 Nfd7 7. Nd5 Kd8 8.
Bg5+ f6 9. exf6 gxf6 10. Nxf6 Be7 11. Nxe4 1-0

[Event "Titled Tue 20th May Early"]
[Site "chess.com INT"]
[Date "2025.05.20"]
[Round "2"]
[White "Mizzi, Jack"]
[Black "Sitnic, Adnan"]
[Result "1-0"]
[WhiteTitle "CM"]
[BlackTitle "CM"]
[WhiteElo "2086"]
[BlackElo "2105"]
[WhiteFideId "5602521"]
[BlackFideId "14403854"]
[EventDate "2025.05.20"]

1. d4 c6 2. c4 d5 3. Nf3 Nf6 4. g3 g6 5. Bg2 Bg7 6. O-O O-O 7. Nbd2 Nbd7 8. b3
Re8 9. Bb2 Nf8 10. Re1 Be6 11. Ng5 Bf5 12. Rc1 a6 13. e4 dxe4 14. Ngxe4 Nxe4 15.
Nxe4 e5 16. dxe5 Bxe5 17. Qxd8 Raxd8 18. Bxe5 Rxe5 19. Nf6+ Kg7 20. Nh5+ gxh5
21. Rxe5 Kf6 22. Re2 Ne6 23. Be4 Nd4 24. Re3 Re8 25. Rce1 Bxe4 26. Rxe4 Nf3+ 27.
Kh1 Rd8 28. Rf4+ Kg5 1-0

[Event "Titled Tue 20th May Early"]
[Site "chess.com INT"]
[Date "2025.05.20"]
[Round "2"]
[White "Chekletsov, Ilya"]
[Black "Lyutsinger, Iren"]
[Result "1-0"]
[WhiteTitle "IM"]
[BlackTitle "FM"]
[WhiteElo "2338"]
[BlackElo "2266"]
[WhiteFideId "24177156"]
[BlackFideId "34425969"]
[EventDate "2025.05.20"]

1. e4 c5 2. a3 d5 3. exd5 Nf6 4. Nc3 Nxd5 5. Bc4 Be6 6. Nxd5 Bxd5 7. Bxd5 Qxd5
8. Qf3 e6 9. d3 Nc6 10. Qxd5 exd5 11. Nf3 O-O-O 12. O-O Bd6 13. Bd2 f6 14. Rfe1
Rhe8 15. h3 Kd7 16. Rab1 b5 17. b3 Rxe1+ 18. Rxe1 d4 19. Ra1 Ne7 20. a4 a6 21.
axb5 axb5 22. Ra7+ Kc6 23. Ra6+ Kb7 24. Ra5 Kb6 25. Ra1 Nd5 26. Ba5+ 1-0